Guru: Ten Doors o Ancient Wisdom/ (Record no. 188970)
[ view plain ]
| 000 -LEADER | |
|---|---|
| fixed length control field | 00598nam a22001937a 4500 |
| 005 - DATE AND TIME OF LATEST TRANSACTION | |
| control field | 20220608151424.0 |
| 010 ## - LCCN (DPL NO) | |
| LC control number | ENG-133097 |
| 020 ## - INTERNATIONAL STANDARD BOOK NUMBER | |
| Terms of availability | 399.00 |
| International Standard Book Number | 978-93-5195-243-5 |
| 035 ## - SYSTEM CONTROL NUMBER | |
| System control number | EN-116629 |
| 037 ## - SOURCE OF ACQUISITION | |
| Source of stock number/acquisition | DBAD/PUB |
| 082 ## - DEWEY DECIMAL CLASSIFICATION NUMBER | |
| Classification number | 291 |
| 100 ## - MAIN ENTRY--PERSONAL NAME | |
| Personal name | H.S. Shivaprakash |
| 245 ## - TITLE STATEMENT | |
| Title | Guru: Ten Doors o Ancient Wisdom/ |
| Statement of responsibility, etc | H.S. Shivaprakash |
| 250 ## - EDITION STATEMENT | |
| Remainder of edition statement | Gurugram |
| 260 ## - PUBLICATION, DISTRIBUTION, ETC. (IMPRINT) | |
| Date of publication, distribution, etc | 2018 |
| Name of publisher, distributor, etc | Hachette Book Publishing India Pvt. Ltd. |
| 270 ## - ADDRESS | |
| Address | 4th/5th Floors, Corporate Centre, Plot No.94, Sector 44 |
| City | Gurugram |
| Postal code | 12003 |
| 300 ## - PHYSICAL DESCRIPTION | |
| Extent | 186p. |
| Dimensions | 21cm(pbk) |
| 942 ## - ADDED ENTRY ELEMENTS (KOHA) | |
| Source of classification or shelving scheme | Dewey Decimal Classification |
| Item type | English Books |
| Call number suffix | HSS |
| Classification part | 291 |
| Withdrawn status | Lost status | Not for loan | Collection code | Home library | Current library | Date acquired | Source of acquisition | Cost, normal purchase price | Full call number | Barcode | Copy number | Cost, replacement price | Koha item type |
|---|---|---|---|---|---|---|---|---|---|---|---|---|---|
| Non-fiction | Patel Nagar | Patel Nagar | 08/06/2022 | DBAD/PUB | 399.00 | 291 HSS | EN-116629 | 1 | 399.00 | English Books |
